000 01220cam a2200337 i 4500
001 16045562
003 EG-ScBUE
005 20250806095742.0
008 100108t2011 njua f b 001 0 eng
020 _a0136153836 (pbk.)
020 _a9780136153832
035 _a(OCoLC)ocn496727536
040 _aEG-ScBUE
_beng
_erda
_cEG-ScBUE
_dEG-ScBUE
082 0 4 _a546
_222
_bMIE
100 1 _aMiessler, Gary L.,
_d1949-
_922505
_eauthor.
245 1 0 _aInorganic chemistry /
_cGary L. Miessler, St. Olaf College Northfield, Minnesota, Donald A. Tarr, St. Olaf College Northfield, Minnesota.
250 _aFourth edition.
250 _aInternational edition.
264 1 _aUpper Saddle River, New Jersey :
_bPearson/Prentice Hall,
_c[2011]
264 4 _cc2011
300 _axiv, 754 pages ;
_billustrations ;
_c26 cm
336 _2rdacontent
_atext
_btxt
337 _aunmediated
_2rdamedia
_bn
338 _avolume
_bnc
_2rdacarrier
500 _aIncludes Appendices.
504 _aIncludes bibliographical references and index.
650 7 _aChemistry, Inorganic
_vTextbooks.
_922506
_2BUEsh
655 _vReading book
700 1 _aTarr, Donald A.
_q(Donald Arthur),
_d1932-2006,
_922507
_eauthor.
942 _2ddc
_cBB
999 _c14993
_d14993